Analýza rizika rozpadu elektrizačnej sústavy
Gespeichert in:
| 1. Verfasser: | |
|---|---|
| Weitere Verfasser: | |
| Format: | Manuskript Buch |
| Sprache: | Slowakisch |
| Veröffentlicht: |
Bratislava :
STU v Bratislave FEI,
2011
|
| Schlagworte: | |
| Online-Zugang: | VAIS |
| Tags: |
Keine Tags, Fügen Sie das erste Tag hinzu!
|
MARC
| LEADER | 00000ntm a22000003a 4500 | ||
|---|---|---|---|
| 001 | stu229243 | ||
| 005 | 20150617230148.1 | ||
| 008 | 110707s2011----xo------------------slo-d | ||
| 040 | |a STU |b slo | ||
| 041 | 0 | |a slo | |
| 044 | |a xo | ||
| 100 | 1 | |a Cintula, Boris, |d 1986- |4 aut |u E020 |U FEI Fakulta elektrotechniky a informatiky |T FEI Ústav elektroenergetiky a aplikovanej elektrotechniky |X 35350 |U E020 |Y 548 |7 A000035350 | |
| 242 | 0 | 0 | |a Power System Collapse Risk Analysis |y eng |
| 245 | 1 | |a Analýza rizika rozpadu elektrizačnej sústavy | |
| 260 | |a Bratislava : |b STU v Bratislave FEI, |c 2011 | ||
| 300 | |a 100 s | ||
| 650 | 7 | |a Power machinery |2 estusub | |
| 650 | 7 | |a Elektroenergetika |2 stusub | |
| 650 | 7 | |a spoľahlivosť |2 stusub | |
| 650 | 7 | |a dynamická stabilita |2 stusub | |
| 650 | 7 | |a analýza |2 stusub | |
| 650 | 7 | |a dynamic stability |2 estusub | |
| 650 | 7 | |a risk |2 estusub | |
| 650 | 7 | |a analysis |2 estusub | |
| 650 | 7 | |a reliability |2 estusub | |
| 650 | 7 | |a elektrotechnika |2 stusub | |
| 700 | 1 | |a Eleschová, Žaneta, |d 1974- |4 ths |u E020 |U FEI Fakulta elektrotechniky a informatiky |T FEI Ústav elektroenergetiky a aplikovanej elektrotechniky |X 1875 |U E020 |Y 548 |7 A000001875 | |
| 856 | 4 | |a info a plný text |u http://is.stuba.sk/zp/portal_zp.pl?podrobnosti=72104 |3 VAIS | |
| 996 | |b 284EP09853 |c E*DIPL-9853 |l EE32 |s P |a 0 |w stu229243_0001 | ||